000 00289nam a22001337a 4500
008 170622b xxu||||| |||| 00| 0 eng d
020 _a9780312111977
041 _aeng
080 _a32
100 _a20
101 _aSHP
245 _aTHE AMERICAN PROMISE
_cROARK, J.L
942 _2udc
_cBK
999 _c18711
_d18711